Préfixes de verbes en "tenir" - Mort Subite - Statistiques

Statistiques générales
  • Ce quiz a été pris 112 fois
  • Le résultat moyen est 7 sur 9
Answers on the Grid
Answers color-coded by a green-red scale on the quiz's grid according to % correct below.
Entre
Ob
Main
Re
Abs
Appar
Sou
Con
Pré
Contre
Sur
De
Par
En
Ab
Inter
 
Statistiques - réponses
Réponse % Correct
Appar
87%
Entre
83%
Re
83%
Main
82%
Ob
82%
Con
80%
Sou
80%
Abs
76%
75%
Aucun quiz correspondant
Distribution des résultats
% des personnes avec chaque résultat
Percentile par nombre de réponses
Votre historique - résultats
Vous n’avez pas pris ce quiz